000 00478nam a2200157 i 4500
001 43876
003 ES-MaACL
005 20230906160910.0
007 t|
008 030320s1958 sp ||||1| spa d
100 1 _aCavanillas Avila, Luis.
_937159
245 1 3 _aLa medicina en el Quijote /
_ccompuesto por Luis Cavanillas Avila.
260 _a[S.l. :
_bs.n.,
_c1958] (
_eMadrid :
_fGráfs. Martín)
300 _a87 p. :
_bil. ;
_c21 cm.
852 _aES-MaACL
_j2013-F-6
_bR.43541
999 _c43876
_d43876